[Event "GER-ch 2014-C email"]
[Site "GER email"]
[Date "2016.11.28"]
[Round "?"]
[White "Traut, Werner"]
[Black "Mathias, Manfred"]
[Result "1-0"]
[WhiteElo "2354"]
[BlackElo "2163"]
[PlyCount "79"]
[EventDate "2016.??.??"]
[EventType "tourn (corr)"]
[EventRounds "12"]
[EventCountry "GER"]
[SourceTitle "Corr 2017"]
[Source "ChessBase"]
[SourceDate "2017.09.19"]
[SourceVersion "1"]
[SourceVersionDate "2017.09.19"]
[SourceQuality "1"]

1. e4 c5 2. Nf3 d6 3. d4 cxd4 4. Nxd4 Nf6 5. Nc3 a6 6. Be3 e5 7. Nb3 Be6 8. f3 Be7 9. Qd2 0-0 10. 0-0-0 Nbd7 11. g4 b5 12. Rg1 b4 13. Nd5 Bxd5 14. exd5 Nb6 15. Na5 Qc7 16. Nc6 Nfxd5 17. Nxe7+ Qxe7 18. Bxb6 Nxb6 19. Qxd6 Qg5+ 20. Qd2 Qxd2+ 21. Rxd2 Rfc8 22. Rd6 Nc4 23. Rd7 a5 24. Bd3 Nb6 25. Rd6 Rab8 26. Re1 Rc5 27. h4 g6 28. Be4 Kf8 29. Red1 Ke7 30. b3 Rc3 31. g5 a4 32. f4 Re3 33. Bh1 exf4 34. R6d4 f3 35. Rxb4 f2 36. Rf4 Rc8 37. Rxf2 axb3 38. axb3 Rxb3 39. Re2+ Kf8 40. Bb7 1-0

[Event "GER-ch 2013-C email"]
[Site "GER email"]
[Date "2015.02.20"]
[Round "?"]
[White "Lelgemann, Ludwig"]
[Black "Mathias, Manfred"]
[Result "1/2-1/2"]
[WhiteElo "2236"]
[BlackElo "2184"]
[PlyCount "59"]
[EventDate "2015.??.??"]
[EventType "tourn (corr)"]
[EventRounds "10"]
[EventCountry "GER"]
[SourceTitle "Corr 2017"]
[Source "ChessBase"]
[SourceDate "2017.09.19"]
[SourceVersion "1"]
[SourceVersionDate "2017.09.19"]
[SourceQuality "1"]

1. d4 Nf6 2. Bg5 Ne4 3. Bf4 c5 4. f3 Qa5+ 5. c3 Nf6 6. Nd2 cxd4 7. Nb3 Qb6 8. Qxd4 Nc6 9. Qxb6 axb6 10. Be3 d5 11. Bxb6 e5 12. Nd2 Bf5 13. Bf2 Bd6 14. a3 0-0 15. e3 Be7 16. Ne2 Rfd8 17. Ng3 Be6 18. Bb5 Ne8 19. 0-0 Nd6 20. Be2 f5 21. Rfd1 g6 22. f4 Kg7 23. Nf3 e4 24. Ne1 Nc4 25. Rab1 N6a5 26. Nc2 Nb3 27. Nf1 b5 28. Be1 Nc5 29. h3 Bc8 30. Nd4 1/2-1/2

[Event "GER-ch 2014-A-V1 post"]
[Site "GER email"]
[Date "2014.??.??"]
[Round "?"]
[White "Lelgemann, Ludwig"]
[Black "Mathias, Manfred"]
[Result "1/2-1/2"]
[WhiteElo "2005"]
[BlackElo "2004"]
[PlyCount "54"]
[EventDate "2014.02.24"]
[EventType "tourn (corr)"]
[EventRounds "6"]
[EventCountry "GER"]
[SourceTitle "Corr 2015"]
[Source "ChessBase"]
[SourceDate "2015.07.17"]
[SourceVersion "1"]
[SourceVersionDate "2015.07.17"]
[SourceQuality "1"]

1. d4 Nf6 2. Bg5 Ne4 3. Bf4 c5 4. f3 Qa5+ 5. c3 Nf6 6. Nd2 cxd4 7. Nb3 Qb6 8. Qxd4 Nc6 9. Qxb6 axb6 10. Be3 d5 11. Bxb6 e5 12. Nd2 g6 13. e4 Bh6 14. Bd3 Be6 15. a3 0-0 16. Rd1 Na5 17. Ke2 Kg7 18. Nh3 Bxd2 19. Rxd2 Nb3 20. Rc2 dxe4 21. fxe4 Nd7 22. Be3 h6 23. Nf2 f5 24. exf5 gxf5 25. g3 Nf6 26. Rg1 Rac8 27. Ke1 Rfd8 1/2-1/2

[Event "GER-ch 2013-A-V2 serv"]
[Site "GER email"]
[Date "2013.07.17"]
[Round "?"]
[White "Voetter, Hans Dieter"]
[Black "Mathias, Manfred"]
[Result "1-0"]
[WhiteElo "2176"]
[BlackElo "2007"]
[PlyCount "75"]
[EventDate "2013.02.25"]
[EventType "tourn (corr)"]
[EventRounds "6"]
[EventCountry "GER"]
[SourceTitle "Corr 2015"]
[Source "ChessBase"]
[SourceDate "2015.07.17"]
[SourceVersion "1"]
[SourceVersionDate "2015.07.17"]
[SourceQuality "1"]

1. c4 e5 2. Nc3 Bb4 3. Nd5 Nc6 4. a3 Bd6 5. d3 Nge7 6. Nc3 0-0 7. e3 a5 8. Nf3 Nf5 9. g3 Bc5 10. Bg2 d6 11. 0-0 Be6 12. b3 Bb6 13. Bb2 f6 14. Re1 Bf7 15. Nd2 Nfe7 16. Nde4 d5 17. cxd5 Nxd5 18. Na4 Ba7 19. Rc1 Qc8 20. Nac5 Rd8 21. Qc2 b6 22. Na4 Nce7 23. Nac3 Qd7 24. Red1 c5 25. d4 cxd4 26. exd4 f5 27. Ng5 e4 28. Nxf7 Kxf7 29. Bf1 Nxc3 30. Qxc3 Rac8 31. Qd2 Rxc1 32. Rxc1 Kg6 33. b4 h6 34. a4 Qxa4 35. d5 Qd7 36. Qd4 Nxd5 37. Rc6+ Nf6 38. Rxf6+ 1-0

[Event "GER-ch 2013-A-V1 post"]
[Site "GER email"]
[Date "2013.06.20"]
[Round "?"]
[White "Weiss, Wilhelm"]
[Black "Mathias, Manfred"]
[Result "1/2-1/2"]
[WhiteElo "1999"]
[BlackElo "2007"]
[PlyCount "76"]
[EventDate "2013.02.25"]
[EventType "tourn (corr)"]
[EventRounds "6"]
[EventCountry "GER"]
[SourceTitle "Corr 2015"]
[Source "ChessBase"]
[SourceDate "2015.07.17"]
[SourceVersion "1"]
[SourceVersionDate "2015.07.17"]
[SourceQuality "1"]

1. e4 c5 2. Nf3 Nc6 3. d4 cxd4 4. Nxd4 g6 5. Nc3 Bg7 6. Be3 Nf6 7. Bc4 0-0 8. Bb3 a5 9. 0-0 a4 10. Nxa4 Nxe4 11. Nb5 d5 12. Bb6 Qd7 13. Qe2 Nd6 14. Nc5 Qg4 15. Qxg4 Bxg4 16. Nc7 Bxb2 17. Rab1 Bc3 18. f3 Bd4+ 19. Kh1 Be6 20. Nxa8 Rxa8 21. Nxe6 fxe6 22. Bxd4 Nxd4 23. Rfd1 Nc6 24. Rd3 Kf7 25. Re1 Ra5 26. g4 Kf6 27. Kg2 g5 28. Rd2 h6 29. Kf2 Rc5 30. Kg3 b5 31. a4 bxa4 32. Bxa4 Nc4 33. Rf2 e5 34. h4 gxh4+ 35. Kxh4 Nd4 36. Kg3 Nd6 37. Rd2 e6 38. Rd3 Rc4 1/2-1/2

[Event "GER-ch 2013-A-V1 post"]
[Site "GER email"]
[Date "2013.02.25"]
[Round "?"]
[White "Lelgemann, Ludwig"]
[Black "Mathias, Manfred"]
[Result "1-0"]
[WhiteElo "2005"]
[BlackElo "2007"]
[PlyCount "135"]
[EventDate "2013.02.25"]
[EventType "tourn (corr)"]
[EventRounds "6"]
[EventCountry "GER"]
[SourceTitle "Corr 2015"]
[Source "ChessBase"]
[SourceDate "2015.07.17"]
[SourceVersion "1"]
[SourceVersionDate "2015.07.17"]
[SourceQuality "1"]

1. d4 Nf6 2. Bg5 c5 3. Bxf6 gxf6 4. d5 Qb6 5. Qc1 f5 6. c4 d6 7. e3 Nd7 8. Nc3 Bg7 9. Qc2 Ne5 10. Nh3 Bd7 11. Be2 Ng6 12. 0-0 0-0 13. f4 h6 14. Nf2 Rad8 15. Nh1 e5 16. Ng3 exf4 17. exf4 Rfe8 18. Bd3 Nh4 19. Kh1 Bd4 20. Rab1 Qa6 21. a4 Re3 22. Nb5 Bxb5 23. axb5 Qa5 24. Bxf5 Kh8 25. Ra1 Qb4 26. Rxa7 Rb8 27. Ra2 Re1 28. Bd3 Kg7 29. b3 Rbe8 30. Ra7 R8e3 31. Nh5+ Kf8 32. Ra8+ Ke7 33. Ng3 Qc3 34. Qxc3 Bxc3 35. Ra2 Kd8 36. Be2 Kc7 37. Rxe1 Bxe1 38. Nf1 Rxb3 39. g3 Nf5 40. Bh5 Rb4 41. Re2 Bc3 42. Bxf7 Rxc4 43. Bg6 Nd4 44. Re7+ Kb6 45. Ne3 Rb4 46. Bd3 Nxb5 47. Nc4+ Ka7 48. Rh7 Rb3 49. Bf1 Rb1 50. Kg2 Rd1 51. Rxh6 Rxd5 52. h4 Rd4 53. h5 d5 54. Ne3 c4 55. Re6 Rd2+ 56. Kh3 Bg7 57. h6 Bxh6 58. Rxh6 Nc7 59. Rh7 Ne6 60. Re7 Nc5 61. Bxc4 dxc4 62. Nxc4 Rd4 63. Ne5 Kb6 64. f5 Ne4 65. g4 Kc5 66. Nf3 Rd3 67. Rxe4 Rxf3+ 68. Kg2 1-0